[Event "World Women-ch k.o."]
[Site "Antakya"]
[Date "2010.12.11"]
[Round "3.2"]
[White "Zhu, Chen"]
[Black "Hou, Yifan"]
[Result "1-0"]
[WhiteElo "2477"]
[BlackElo "2591"]
[Annotator "Mikhalchishin,A"]
[PlyCount "95"]
[EventDate "2010.12.04"]
[EventType "k.o."]
[EventRounds "6"]
[EventCountry "TUR"]
[SourceTitle "CBM 140"]
[Source "ChessBase"]
[SourceDate "2011.01.18"]
[SourceVersion "1"]
[SourceVersionDate "2011.01.18"]
[SourceQuality "1"]

1. d4 Nf6 2. c4 e6 3. Nc3 Bb4 4. Qc2 d5 ({Hou Yifan has played the Nimzo
Indian constantly and has tried a few different options here} 4... O-O 5. a3
Bxc3+ 6. Qxc3 Qe8 (6... d6 7. Nf3 Nbd7 8. g3 b6 9. Bg2 Bb7 10. O-O c5 11. b4
Rc8 12. dxc5 bxc5 13. b5 d5 14. e3 Nb6 15. cxd5 exd5 16. Rd1 Qe7 17. a4 Rfd8
18. a5 Nc4 19. Bb2 Nxb2 20. Qxb2 h6 21. Qe5 Qd7 22. Rab1 Re8 23. Qb2 Ne4 {
the position was equal, but she lost in Karpov,A -Hou Yifan ,Cap d'Agde 2008})
7. f3 d5 8. cxd5 Nxd5 9. Qc2 Qc6 10. Qb3 Qb6 11. Qxb6 axb6 12. Bd2 Nc6 13. e3
e5 14. dxe5 Nxe5 15. e4 Ne7 16. Bc3 N7c6 17. Kf2 Be6 18. Nh3 Bxh3 19. gxh3 f5 {
and two knights successfully fought against the bishop pair. Romanko,M -Hou
Yifan ,Antakya 2010}) 5. a3 (5. cxd5 exd5 6. Bg5 c5 7. Nf3 (7. dxc5 h6 8. Bh4
g5 9. Bg3 Ne4 10. e3 Qa5 11. Nge2 Bf5 12. Bxb8 Rxb8 13. Nd4 Bd7 14. Bd3 Bxc3+
15. bxc3 Qxc3+ 16. Qxc3 Nxc3 17. Rc1 Nxa2 18. Rb1 Ke7 19. Kd2 a5 20. Ra1 Nb4
21. Rxa5 Nc6 22. Ra2 Rhc8 23. Rb1 Nd8 24. Ra5 Ne6 25. Nxe6 fxe6 {with an
approximately equal ending, but once more Hou Yifan could not hold it, Krush,I
-Hou Yifan, Ningbo 2009}) 7... Nbd7 8. dxc5 h6 9. Bd2 Bxc5 10. e3 O-O 11. Bd3
a6 12. O-O Bd6 13. Rfd1 Nc5 14. Be2 b5 15. Be1 Bb7 16. b4 Nce4 17. a4 Rc8 18.
Qb2 bxa4 19. Rxa4 Qc7 20. Na2 Ng5 {here she obtained very serious counterplay,
Karpov,A -Hou Yifan, Sanya City 2010}) 5... Bxc3+ 6. Qxc3 Ne4 7. Qc2 c5 ({
Another sharp variation appeared just this year and looks very promising for
Black} 7... e5 8. cxd5 Bf5 9. Qa4+ Nd7 10. Nf3 O-O 11. dxe5 c6 12. Qd1 Re8 13.
dxc6 Ndc5 14. Be3 Qe7 15. Bxc5 Nxc5 16. Qd6 Nd3+ 17. Kd2 Nxf2 18. Qxe7 Rxe7 19.
Rg1 Ng4 20. h3 Rd8+ 21. Ke1 Ne3 22. Rc1 bxc6 23. Rxc6 Rb7 24. b4 Nc2+ 25. Kf2
Nxa3 26. e3 Rxb4 27. Nd4 Be4 28. Ra6 Nc2 29. Rxa7 Nxd4 30. exd4 Rbxd4 31. Be2
Bg6 32. Rga1 {1/2 Akobian,V -Halkias,S ,Bursa 2010}) 8. dxc5 Nc6 9. cxd5 ({
The natural developing move} 9. e3 {does not promise White anything special:}
Qa5+ 10. Bd2 Nxd2 11. Qxd2 dxc4 12. Qxa5 (12. Bxc4 Qxc5 13. Rc1 Qe7 14. Nf3 O-O
15. O-O Rd8 16. Bd3 e5 17. e4 Be6 18. Qe3 f6 19. Bb5 Nd4 20. Bc4 Nxf3+ 21. Qxf3
Rac8 22. Bd5 Bf7 23. h4 Rxc1 24. Rxc1 h5 25. g3 b6 26. Rd1 g6 {1/2 Koneru,H
-Hou Yifan, Nalchik 2010}) 12... Nxa5 13. Rc1 b5 14. cxb6 Bb7 15. bxa7 Ke7 16.
Ne2 Rxa7 17. Nc3 Rb8 18. Na2 Bd5 19. Nb4 Nc6 20. Nxc6+ Bxc6 21. Rxc4 Ba4 22.
Rb4 Rxb4 23. axb4 Bb5 24. f3 Ra1+ 25. Kf2 Rb1 {1/2 Karpov,A -Hou Yifan ,Sanya
City 2010}) 9... exd5 10. Nf3 ({Another developming move looks safer:} 10. e3
Bf5 ({It is possible to play the position with an isolated pawn - one simply
has to suffer a bit before reaching a draw:} 10... Qa5+ 11. Bd2 Nxd2 12. Qxd2
Qxc5 13. Rc1 Qb6 14. Nf3 O-O 15. Be2 Rd8 16. Nd4 Bd7 17. O-O Rac8 18. Nxc6 Bxc6
19. Rfd1 Ba4 20. Rxc8 Rxc8 21. Rc1 Rxc1+ 22. Qxc1 Qc6 23. Qd2 h6 24. Bf3 Bb3
25. g3 Qc4 26. h4 b6 27. Bg2 a5 28. f4 Kf8 29. Bf3 Ke7 30. Kf2 Kd6 31. Ke1 f6
32. Bd1 {1/2 Popov,V -Lysyj,I ,Stockholm 2010}) 11. Bd3 O-O (11... Qg5 12. f3
Qh4+ 13. Kf1 Ng3+ 14. hxg3 Bxd3+ 15. Qxd3 Qxh1 16. b4 O-O 17. Bb2 Rad8 18. Kf2
Qh6 19. Ne2 Rfe8 20. Nf4 Qg5 21. Rh1 g6 22. Rd1 Qe7 23. b5 Ne5 24. Qd4 {
White's position in the centre is extremely strong, Karpov,A -Hou Yifan, Cap
d'Agde 2008}) 12. Nf3 Qa5+ 13. Nd2 Nxd2 14. Bxd2 Bxd3 15. Qxd3 Qxc5 16. Bc3
Rad8 17. O-O d4 18. exd4 Nxd4 19. Rad1 Ne6 20. Qe4 Qc8 21. h3 h6 22. Rfe1 a6
23. Qg4 Rxd1 24. Rxd1 Rd8 25. Re1 Qd7 26. h4 Nd4 {with equality,1/2 Zhu Chen
-Hou Yifan, Ha Long City 2009}) 10... Qf6 ({The very aggressive direct attack
is not too promising:} 10... Bf5 11. b4 d4 (11... Ng3 12. Qb2 Nxh1 13. Qxg7 Rf8
14. g4 Be4 15. Bh6 Kd7 16. Bg2 $16) 12. g4 Bg6 13. Qc4 d3 14. Be3 Qf6 15. Rd1
O-O $6 $146 (15... O-O-O $5) 16. Rxd3 b5 17. Qc1 a5 18. bxa5 Nxc5 19. Rc3 Nd3+
20. exd3 (20. Rxd3 $5 Bxd3 21. g5) 20... Qxf3 21. Rg1 Ne5 22. d4 Nc4 23. Bg2
Qxg4 24. h3 $16 {Sasikiran,K -Carlsen,M ,Sarajevo 2006}) (10... Qa5+ {led to
slightly worse positions with an isolated pawn:} 11. Bd2 Nxd2 12. Qxd2 Qxc5 13.
e3 O-O 14. Be2 Bg4 15. O-O Rfd8 16. Rac1 Qb6 17. h3 Bxf3 18. Bxf3 d4 19. Bxc6
bxc6 20. exd4 Rxd4 21. Qc3 Rad8 {But Black is able to hold, Karpov-Leko,
Miskolc 2006}) 11. h4 $1 {An invention of Zhu Chen's famous second GM
Aleksandr Morozevich.} ({Black obtains sufficient initiative after} 11. e3 Bg4
12. Be2 O-O 13. Bd2 Rac8 14. O-O Ne5 $1 15. Nxe5 Bxe2 16. Nd7 Qa6 17. Nxf8 Bd3
18. Qd1 Bxf1 19. Qxf1 Qxf1+ 20. Rxf1 Nxd2 21. Rd1 Rxc5 22. Nd7 Rc2 23. b4 b6
24. Ne5 f6 25. Nf3 Nxf3+ {1/2 Lysyj,I -Sargissian,G ,Rijeka 2010}) 11... Bf5
12. Bg5 Qe6 (12... Nxg5 {would not be very logical:} 13. hxg5 Qxg5 14. Qb3 Qe7
15. Qxd5 Qf6 16. Qb3 O-O 17. e3) 13. Qc1 {This transpostion of white pieces
seems to be very interesting} h6 14. Be3 ({The immediate} 14. Bf4 {was better.}
) 14... Qf6 15. Bg5 Qe6 16. Bf4 d4 17. e3 O-O ({It was better was to try to
exploit her own trump - the strong central passed pawn} 17... Rd8 18. Bc4 Qg6
19. O-O d3 20. Nd2) 18. Bc4 (18. Bb5 dxe3 19. Bxe3 Rad8 20. O-O Qf6 {left
Black with long-lasting compensation, as the weakness of the kingside is real.}
) 18... Qf6 19. exd4 Nxd4 20. Nxd4 Qxd4 21. Be3 Qf6 22. O-O $1 {It is very
important not try to keep the pawn - White's best chance is to exploit the
power of the bishop pair.} Qxh4 ({It was necessary to continue playing with
the pawn down, but with some activity.} 22... Rad8) 23. Bd5 Qe7 24. Re1 $1 {
White does not just have an extra pawn, but things are very unpleasant for the
black pawn majority on the queenside.} Rad8 $2 ({White kept her advantage
after the best move} 24... Rfe8 25. Qc4 Rad8 26. Rad1 Nf6 27. Bf3) 25. Bxe4
Qxe4 ({Even worse was} 25... Bxe4 26. Bf4) 26. Bg5 {Now it is necessary to
sacrifice the queen} hxg5 27. Rxe4 Bxe4 28. Qxg5 Bc6 29. Re1 Rd5 30. Qc1 Rfd8
31. b4 a6 ({It was impossible to keep White's king out of the position} 31...
Rd2 32. Qb1 a6 33. Qf5) 32. Qf4 R5d7 33. Re3 Rd4 34. Qc7 R4d7 35. Qg3 Rd1+ 36.
Kh2 R8d5 37. Qb8+ Rd8 38. Qc7 R1d7 39. Qf4 Rd4 40. Qf5 Rh4+ ({Black could not
hold the position too long; White will soon achieve full coordination between
her queen and rook:} 40... R8d5 41. Re5 Rd8 42. Re7 Bd5 43. f3) 41. Rh3 g6 42.
Qc2 Rg4 43. f3 Rgd4 44. Qc3 R8d5 45. Kg3 Rg5+ 46. Kf2 Rgd5 47. Ke3 Bd7 48. Rh1
{Black resigned, as there is no defence against Qd4, transposing into an
easily winning endgame.} 1-0

[Event "Olympiad-37"]
[Site "Turin"]
[Date "2006.06.02"]
[Round "11"]
[White "Van Wely, Loek"]
[Black "Antonio, Rogelio Jr"]
[Result "1-0"]
[WhiteElo "2655"]
[BlackElo "2539"]
[Annotator "Van Wely,L"]
[PlyCount "45"]
[EventDate "2006.05.21"]
[EventType "team-swiss"]
[EventRounds "13"]
[EventCountry "ITA"]
[SourceTitle "CBM 113"]
[Source "ChessBase"]
[SourceDate "2006.07.31"]
[SourceVersion "1"]
[SourceVersionDate "2006.07.31"]
[SourceQuality "1"]
[WhiteTeam "Netherlands"]
[BlackTeam "Philippines"]
[WhiteTeamCountry "NED"]
[BlackTeamCountry "PHI"]

1. d4 Nf6 2. c4 e6 3. Nc3 $5 {During my preparation I spent a lot of time on
my decision on this move. 3.Nf3 followed by a possibble Bogo/Queen's Indian or
not to forget to mention a Benoni, also looked very tempting to me. Luxury of
choice makes life difficult sometimes.} Bb4 4. Qc2 d5 $5 {This move however,
came as a surprise to me. Since this game took place after the restday, I
figured out my opponent might have spent his free day checking my game versus
Joel Lautier, which took recently place in the dutch league. Fortunately I had
also checked this line and was ready to shoot as well .} 5. a3 Bxc3+ 6. Qxc3
Ne4 7. Qc2 c5 8. dxc5 Nc6 9. cxd5 exd5 10. Nf3 Bf5 11. b4 d4 12. g4 Bg6 13. Qc4
d3 14. Bg2 $5 ({in the above mentioned game} 14. Be3 Qf6 15. Rd1 dxe2 $2 (15...
O-O-O $5 {was a suggestion of Michail Gurevich in the post-mortem of the game,
and not a stupid one it seems}) (15... Rd8 $6 {Topalov-Anand Corsica 2003}) (
15... O-O $5 {Funnily, this move played in the game Sasikiran-Carlsen was
played on the same day as my game with Lautier. The concept was quite
interesting, but in the end Magnus was happy to make the draw} 16. Rxd3 b5 17.
Qc1 a5 18. bxa5 Nxc5 19. Rc3 Nd3+ 20. exd3 (20. Rxd3 $5 Bxd3 21. g5) 20... Qxf3
21. Rg1 Ne5 22. d4 Nc4 23. Bg2 Qxg4 24. h3) 16. Bxe2 O-O 17. O-O Nc3 18. Rd6
Nxe2+ (18... b5 19. Qxb5 $1 Nxb5 (19... Qxd6 20. cxd6 Nxb5 21. Bxb5) 20. Rxf6
Nc3 21. Rxc6 Nxe2+ 22. Kg2 Be4 23. Rd6 f5 24. g5 f4 25. Bd2 Rf5 26. h4 h6 27.
Re1 {just doesn't work for Black.}) 19. Qxe2 {was played and Black was simply
a pawn down.}) 14... Qf6 15. Ra2 Ne5 16. g5 $1 {This move is not difficult to
find for a modern professional with many silicon friends. After the match
France-The Netherlands, which was played before this match, I told Joel
Lautier that he was lucky to escape from playing me. Instead he played with
Black against Sergei Tiviakov and made a very comfortable draw. His claims
were that he was ready to play me. Now I am still wondering how "ready" he
really was....} (16. Qb5+ Nc6 (16... Kf8 $5) 17. Qc4 $11 {Kramnik-Anand
Dortmund 1999}) 16... Nxc4 ({Another try would have been} 16... Qf5 {but heavy
complications start after} 17. Qd4 {which are difficult to evaluate when you
are not prepared}) 17. gxf6 Nc3 $6 {tempting but Black would have done better
to go for the more conservative} (17... Nxf6 18. Nd2 Nxd2 19. Rxd2 O-O-O 20.
O-O Nd5 21. exd3 Nf4 $44 {although I must confess that I think that White can
get an edge somewhere.}) 18. fxg7 Rg8 19. Ra1 O-O-O {in the post-mortem
analysis my opponent tried to improve his play, but in the end my king always
ended up nicely blockading on d2. My teammates were here worried about the
outcome of the game, since I went for a big think. But my ears didn't get red,
normally a good sign!} 20. Bh3+ $1 Kb8 $2 (20... f5 $8 21. e3 Rxg7 (21... Ne4
22. Nd2) 22. Nd2 {and Black will slowly be pushed back}) 21. Bf4+ Ka8 22. Rc1 {
My opponent is falling for the same illusion as I did many times in my
preparation. There is no mate on d1} dxe2 23. Rxc3 1-0